| 000 | 00742cam a2200265 4500 | ||
|---|---|---|---|
| 008 | 090401t1990 xxu||||| |||| 00| 0 eng d | ||
| 020 | _a0750612681 | ||
| 035 | _a(Sirsi) u8761 | ||
| 041 | _aeng | ||
| 050 | _a693.1 | ||
| 245 | _aConservation of building and decorative stone. Volume 1. | ||
| 260 |
_aLondon _bButterworth-Heinemann _c1990 |
||
| 300 | _a193p. : ill. ; 25cm. | ||
| 350 | _a90 | ||
| 490 | _aButterworth-Heinemann Series in Conservation & Museology | ||
| 650 | _aDECORATIVE STONE | ||
| 650 | _aHISTORIC BUILDINGS | ||
| 650 | _aMASONRY | ||
| 650 | _aREPAIR | ||
| 650 | _aSTONE BUILDINGS | ||
| 690 | _aCONSERVATION | ||
| 700 |
_aAshurst, John & Dimes, Francis G., _xEditor |
||
| 942 | _n0 | ||
| 948 | _c04/03/1997 | ||
| 999 |
_c86557 _d86557 |
||